Catálogo público

Desierto y fronteras. El norte de México y otros contextos culturales : (Record no. 90868)

MARC details
000 -CABECERA
campo de control de longitud fija 01556cam a22003977a 4500
003 - IDENTIFICADOR DEL NÚMERO DE CONTROL
campo de control CHAP
005 - FECHA Y HORA DE LA ÚLTIMA TRANSACCIÓN
campo de control 20220329143027.0
008 - DATOS DE LONGITUD FIJA--INFORMACIÓN GENERAL
campo de control de longitud fija 050907d2004 mx r 00110 spa d
010 ## - NÚMERO DE CONTROL DE LA BIBLIOTECA DEL CONGRESO
Número de control de LC 90868
011 ## - ENLACE DEL NUMERO DE CONTROL DE LA BIBLIOTECA DEL CONGRESO [OBSOLETO]
Número de control de LC 91840
020 ## - NÚMERO INTERNACIONAL ESTÁNDAR DEL LIBRO
Número Internacional Estándar del Libro 9707223197
035 ## - NÚMERO DE CONTROL DEL SISTEMA
Número de control de sistema 102403
040 ## - FUENTE DE LA CATALOGACIÓN
Centro/agencia transcriptor CHAP
082 04 - NÚMERO DE LA CLASIFICACIÓN DECIMAL DEWEY
Número de clasificación 551.45
Número de documento/Ítem S35
100 00 - ENTRADA PRINCIPAL--NOMBRE DE PERSONA
Nombre de persona Salas Quintanal, Hernán
Término indicativo de función/relación ed.
9 (RLIN) 101322
245 10 - MENCIÓN DE TÍTULO
Título Desierto y fronteras. El norte de México y otros contextos culturales :
Resto del título V Coloquio Paul Kirchhoff
Mención de responsabilidad, etc. /ed. por Hernán Salas Quintanal, Rafael Pérez-Taylor
260 ## - PUBLICACIÓN, DISTRIBUCIÓN, ETC.
Lugar de publicación, distribución, etc. México, D. F. :
Nombre del editor, distribuidor, etc. Universidad Nacional Autónoma de México. Plaza y Valdés,
Fecha de publicación, distribución, etc. 2004.
300 ## - DESCRIPCIÓN FÍSICA
Extensión 499 p.
590 ## - NOTA LOCAL (RLIN)
Nota local BATCH-UPD
Procedencia (VM) [OBSOLETO] 10
Condición del los carretes individuales (VM) [OBSOLETO] 20130110
-- UCH01
-- 0558
590 ## - NOTA LOCAL (RLIN)
Nota local BATCH-UPD
Procedencia (VM) [OBSOLETO] 10
Condición del los carretes individuales (VM) [OBSOLETO] 20130110
-- UCH01
-- 2350
590 ## - NOTA LOCAL (RLIN)
Nota local BATCH-UPD
Procedencia (VM) [OBSOLETO] 10
Condición del los carretes individuales (VM) [OBSOLETO] 20130410
-- UCH01
-- 0239
590 ## - NOTA LOCAL (RLIN)
Nota local BATCH-UPD
Procedencia (VM) [OBSOLETO] 10
Condición del los carretes individuales (VM) [OBSOLETO] 20130410
-- UCH01
-- 1637
590 ## - NOTA LOCAL (RLIN)
Nota local BATCH-UPD
Procedencia (VM) [OBSOLETO] 10
Condición del los carretes individuales (VM) [OBSOLETO] 20130914
-- UCH01
-- 1153
590 ## - NOTA LOCAL (RLIN)
Nota local CONVERSION
Procedencia (VM) [OBSOLETO] 10
Condición del los carretes individuales (VM) [OBSOLETO] 20130109
-- UCH01
-- 1350
650 14 - PUNTO DE ACCESO ADICIONAL DE MATERIA--TÉRMINO DE MATERIA
Término de materia o nombre geográfico como elemento de entrada Antropologia.
9 (RLIN) 6133
650 14 - PUNTO DE ACCESO ADICIONAL DE MATERIA--TÉRMINO DE MATERIA
Término de materia o nombre geográfico como elemento de entrada Desiertos
Subdivisión general Chile.
9 (RLIN) 32146
650 14 - PUNTO DE ACCESO ADICIONAL DE MATERIA--TÉRMINO DE MATERIA
Término de materia o nombre geográfico como elemento de entrada Desiertos
Subdivisión general México.
9 (RLIN) 32151
650 14 - PUNTO DE ACCESO ADICIONAL DE MATERIA--TÉRMINO DE MATERIA
Término de materia o nombre geográfico como elemento de entrada Indios de América Latina
Subdivisión general Cultura.
9 (RLIN) 57588
700 0# - PUNTO DE ACCESO ADICIONAL--NOMBRE DE PERSONA
Nombre de persona Pérez Taylor, Rafael
Término indicativo de función/relación ed.
9 (RLIN) 90051
901 ## - ELEMENTOS DE DATOS A LOCAL LDA (RLIN)
a BK
905 ## - ELEMENTOS DE DATOS E LOCAL, LDE (RLIN)
a Lilia
942 ## - ELEMENTOS DE PUNTO DE ACCESO ADICIONAL (KOHA)
Tipo de ítem Koha Libro
949 ## - PROCESAMIENTO DE INFORMACIÓN LOCAL (OCLC)
a 551.45 S35
b BC
c LIBRO
d 33724000960878
e LIBRO
f c.2
g I.c/e
h 196816
i 102403
s i
t $290.00
949 ## - PROCESAMIENTO DE INFORMACIÓN LOCAL (OCLC)
a 551.45 S35
b BC
c LIBRO
d 33724000960886
e LIBRO
f c.3
g I.c/e
h 196817
i 102403
s i
t $290.00
949 ## - PROCESAMIENTO DE INFORMACIÓN LOCAL (OCLC)
a 551.45 S35
b BC
c LIBRO
d 33724000960951
e LIBRO
g I.c/e
h 196815
i 102403
s i
t $290.00
Holdings
Estado de retiro Estado de pérdida Fuente del sistema de clasificación o colocación Estado dañado Restricciones de uso No para préstamo Código de colección Localización permanente Ubicación/localización actual Ubicación en estantería Fecha de adquisición Fuente de adquisición Información codificada de la localización en otra ubicación Total de préstamos Signatura topográfica completa Código de barras Fecha visto por última vez Número de copia Precio válido a partir de Tipo de ítem Koha
    Dewey Decimal Classification   Préstamo 15 días   General Biblioteca Central Biblioteca Central Planta alta - Colección General 31/12/2019 I.c/e LIBRO   551.45 S35 33724000960878 31/12/2019 c.2 31/12/2019 Libro
    Dewey Decimal Classification   Préstamo 15 días   General Biblioteca Central Biblioteca Central Planta alta - Colección General 31/12/2019 I.c/e LIBRO   551.45 S35 33724000960886 31/12/2019 c.3 31/12/2019 Libro
    Dewey Decimal Classification   Préstamo 15 días   General Biblioteca Central Biblioteca Central Planta alta - Colección General 31/12/2019 I.c/e LIBRO   551.45 S35 33724000960951 31/12/2019   31/12/2019 Libro